000 01393nac a22002771u 4500
010 _a 2003282137
020 _a0878499261
035 _a(OCoLC)ocm53089348
082 0 0 _a620.1
_a620.1
_bZ612
090 _c2550
_d2550
100 _a20080729
111 2 _aChina Cross-Strait Conference on Composite Materials
_d2003 :
_cWuhan, China)
245 1 0 _aComposite materials III : proceedings of the 3rd China Cross-Strait Conference on Composite Materials
_bproceedings of the 3rd China Cross-Strait Conference on Composite Materials, Wuhan, China, May 7-12, 2003 /
_cedited by Lianmeng Zhang, Jingkun Guo, Wei-Hsing Tuan.
260 _aUetikon-Zuerich, Switzerland ;
_aEnfield, N.H. :
_bTrans Tech Publications,2003
_c2003.
300 _axv, 503 p. :
_bill. ;
_c26 cm.
440 0 _aKey engineering materials ;
_vv. 249
500 _a"Sponsored by Natural Science Foundation of China (NSFC)"--Pref.
504 _aIncludes bibliographical references and indexes.
650 0 _aComposite materials
_vCongresses.
700 1 _aZhang, Lianmeng.
700 1 _aGuo, Jingkun.
700 1 _aTuan, W.-H.
_q(Wei-Hsing),
_d1958-
710 2 _aGuo jia zi ran ke xue ji jin wei yuan hui (China)
942 _cTB
_k620.1Z612
999 _c2550
_d2550